00573nam a22001817a 450000500170000001000150001702000260003203500140005803700130007208200100008510000180009524500750011325000150018826000590020327000850026230000270034770000170037420220323152830.0 aENG-132091 a9789389538274c611.00 aEN-115623 bDBAD/PUB a658.3 aAswathappa, k aInternational Human Resource Management/cK Aswathappa and Sadhna Dash a3e Edition aChennai bMc Graw Hill Education Private Limitedc2020 a444/1, Sri Ekambara Naicker Industrial Estate, Alpakkam Porur, bchennaie600116 axviii, 400pc22cm(pbk) aDash, Sadhna